Para una teora̕ postpositivista del derecho

Detalles Bibliográficos
Autor principal: Atieza, Manuel
Otros Autores: Ruiz Manero, Juan
Formato: eBook
Lenguaje:español
Publicado: Lima : Palestra Editores, 2009.
Colección:Pensamiento Jurd̕ico Contemporǹeo
Materias:
Acceso en línea:Acceso restringido

MARC

LEADER 00000nam a22000007a 4500
005 20110901123812.0
008 110901t2009 pe ||||s|||| 00| 0 spa d
020 |a 978-612-4047-03-9  
035 |a 5357 
040 |a vLex 
090 |c 2332  |d 2332 
100 1 |a Atieza, Manuel 
245 1 0 |a Para una teora̕ postpositivista del derecho  |c Manuel Atieza; Juan Ruiz Manero  |h [Recurso electrn̤ico] / 
256 |a Servicio en ln̕ea. 
260 |a Lima :  |b Palestra Editores,  |c 2009. 
300 |a 308 p. 
490 0 |a Pensamiento Jurd̕ico Contemporǹeo 
500 |a Los autores sostienen que el positivismo jurd̕ico habra̕ agotado ya su ciclo histr̤ico. As,̕ el llamado paradigma neoconstitucionalista no debiera verse como la culminacin̤ del positivismo jurd̕ico, sino como el final de esa forma de entender el Derecho. 
506 1 |a Contenido solo disponible en los productos indicados  |d vLex Global  |d vLex Global (Academic Edition, excluding Law Schools)  |d vLex Global (U.S. Academic Edition, Law Schools)  |d vLex Global (U.S. Academic Edition, excluding Law Schools)  |d vLex Global (Academic Edition, Law Schools) 
650 0 4 |a Derecho  |z Per︢ 
700 1 |a Ruiz Manero, Juan 
740 0 |a vLex Libros (Servicio en ln̕ea) 
856 4 0 |u http://vlex.com/source/teoriia-postpositivista-derecho-5357  |z Acceso restringido 
942 |c BOOK